[Event "4NCL Online Division 3"]
[Site "online"]
[Date "2020.10.06"]
[Round "4.14"]
[White "Benson, Alice"]
[Black "Morgans, Justin"]
[Result "1-0"]
[WhiteElo "740"]
[BlackElo "1618"]
[PlyCount "139"]
[EventDate "2020.10.06"]
[WhiteTeam "Phones Pals"]
[BlackTeam "Abergavenny and Friends"]

1. d4 f5 2. Bf4 g6 3. e3 Nf6 4. Nf3 Bg7 5. Bd3 O-O 6. Nc3 d6 7. Qe2 Nc6 8.
O-O-O a5 9. Bg5 Bd7 10. Bxf6 Bxf6 11. h4 Nb4 12. Bc4+ e6 13. a3 Na6 14. h5 g5
15. Qd3 d5 16. Nxd5 c6 17. Nxf6+ Qxf6 18. Ne5 Be8 19. Qb3 b5 20. Bxe6+ Kh8 21.
Bd7 Nc7 22. Bxe8 Rfxe8 23. Nf7+ Kg7 24. h6+ Kf8 25. Ne5 Qe6 26. Qxe6 Rxe6 27.
Rh5 b4 28. a4 Rd8 29. Rxg5 Ne8 30. Rxf5+ Nf6 31. Ng4 Ke7 32. Nxf6 Rxf6 33. Rxf6
Kxf6 34. e4 Kg6 35. f4 Kxh6 36. d5 cxd5 37. Rxd5 Rf8 38. f5 Kg5 39. f6+ Kxf6
40. Rf5+ Ke7 41. Rxf8 Kxf8 42. Kd2 Ke7 43. Ke3 Kd6 44. Kd4 h5 45. e5+ Ke6 46.
Ke4 h4 47. Kf4 Kd5 48. Kf5 Kc4 49. e6 b3 50. c3 Kd3 51. e7 Kc2 52. e8=Q Kxb2
53. Qe2+ Ka3 54. c4 Kxa4 55. c5 Ka3 56. Qd2 a4 57. Qc1+ b2 58. Qxb2+ Kxb2 59.
c6 a3 60. c7 a2 61. c8=Q a1=Q 62. Qh8+ Kb1 63. Qxa1+ Kxa1 64. Kg4 Kb2 65. Kxh4
Kc3 66. g4 Kd4 67. Kh5 Ke5 68. g5 Ke6 69. Kh6 Kf7 70. Kh7 1-0

[Event "4NCL Online Division 3"]
[Site "online"]
[Date "2020.10.06"]
[Round "4.21"]
[White "Walton, Alan J"]
[Black "Putar, Lara"]
[Result "0-1"]
[WhiteElo "2177"]
[BlackElo "1834"]
[PlyCount "130"]
[EventDate "2020.10.06"]
[WhiteTeam "Urmston"]
[BlackTeam "St Benildus B"]

1. d4 Nf6 2. Bg5 d5 3. Bxf6 exf6 4. e3 c5 5. dxc5 Bxc5 6. Nf3 O-O 7. Be2 Nc6 8.
O-O Ne7 9. Nd4 f5 10. Nb3 Bd6 11. Nc3 b6 12. Bf3 Bb7 13. Qe2 Re8 14. Rfd1 f4
15. e4 Bb4 16. Qd3 dxe4 17. Nxe4 Qxd3 18. Rxd3 Ng6 19. Nd6 Bxd6 20. Bxb7 Rad8
21. Bc6 Re7 22. Rad1 h6 23. h3 Re6 24. Nd4 Rf6 25. Nb5 Ne5 26. Rxd6 Rfxd6 27.
Rxd6 Rxd6 28. Nxd6 Nxc6 29. c3 Kf8 30. Nf5 Ne5 31. Nd6 Nd3 32. Nc8 Nxb2 33.
Nxa7 Na4 34. Nc8 b5 35. Na7 Nxc3 36. Kf1 b4 37. Nc6 Nxa2 38. Nd4 Ke7 39. Ke2
Kf6 40. Kd3 Ke5 41. Kc4 g5 42. f3 f5 43. Nc6+ Kd6 44. Nd4 Ke5 45. Nc6+ Kf6 46.
Kb3 Nc1+ 47. Kc2 Ne2 48. Kd3 b3 49. Na5 Nc1+ 50. Kc3 h5 51. Nc4 g4 52. Kd2 Na2
53. Na5 b2 54. Kc2 Nb4+ 55. Kxb2 Nd3+ 56. Kc3 Ne1 57. fxg4 fxg4 58. hxg4 hxg4
59. Kd2 Nxg2 60. Ke2 Kg5 61. Nb3 f3+ 62. Kf2 Kf4 63. Nc5 g3+ 64. Kg1 Ne3 65.
Ne6+ Ke5 0-1

[Event "4NCL Online Division 3"]
[Site "online"]
[Date "2020.10.06"]
[Round "4.22"]
[White "Healy, John"]
[Black "Whalley, Mark E"]
[Result "1-0"]
[WhiteElo "1889"]
[BlackElo "1727"]
[PlyCount "115"]
[EventDate "2020.10.06"]
[WhiteTeam "St Benildus B"]
[BlackTeam "Urmston"]

1. e4 d5 2. exd5 Qxd5 3. Nc3 Qd8 4. d4 c6 5. Bc4 Bf5 6. Nge2 e6 7. O-O Nf6 8.
Ng3 Bg6 9. f4 Be7 10. f5 exf5 11. Nxf5 Bxf5 12. Rxf5 O-O 13. Be3 Nbd7 14. Qd3
Rc8 15. Bb3 c5 16. d5 Nb6 17. Bc4 Nxc4 18. Qxc4 Bd6 19. Bg5 Be7 20. Rd1 Ne8 21.
Ne4 Bxg5 22. Rxg5 Nd6 23. Nxd6 Qxd6 24. Qg4 g6 25. c4 Kg7 26. Qg3 Qxg3 27. Rxg3
Rfe8 28. Kf2 Rcd8 29. Ra3 a6 30. Rb3 Rd7 31. Rb6 Re4 32. b3 Rf4+ 33. Ke3 Rf6
34. Rxf6 Kxf6 35. Kd3 Ke5 36. Re1+ Kd6 37. a4 a5 38. Re8 b6 39. Rc8 Rb7 40.
Rc6+ Ke7 41. Ke4 f6 42. g4 Kf7 43. Kf4 Ke7 44. h4 Kf7 45. h5 Ke7 46. h6 Kf7 47.
g5 f5 48. Rc8 Re7 49. Rh8 Re1 50. Rxh7+ Kg8 51. Rg7+ Kh8 52. Rxg6 Rf1+ 53. Ke5
f4 54. Rxb6 f3 55. Kf6 Re1 56. Kg6 Re8 57. Rf6 Rg8+ 58. Kh5 1-0

[Event "4NCL Online Division 3"]
[Site "online"]
[Date "2020.10.06"]
[Round "4.23"]
[White "Bellis, Dave"]
[Black "Burke, Kevin A"]
[Result "0-1"]
[WhiteElo "1435"]
[BlackElo "1883"]
[PlyCount "78"]
[EventDate "2020.10.06"]
[WhiteTeam "Urmston"]
[BlackTeam "St Benildus B"]

1. d4 e6 2. e3 f5 3. f4 Nf6 4. Bd3 Be7 5. Nd2 O-O 6. Ngf3 b6 7. O-O Bb7 8. a3
Qe8 9. b4 c5 10. c3 Nc6 11. Bb2 d5 12. Bb5 a6 13. Bd3 Ne4 14. Ne5 Rf6 15. Ndf3
c4 16. Be2 a5 17. b5 Nxe5 18. fxe5 Rf8 19. a4 g5 20. Nd2 Rc8 21. Bh5 Qd7 22.
Nxe4 dxe4 23. g3 Kh8 24. Be2 Rg8 25. Kh1 Rcf8 26. Rf2 Qd5 27. Qf1 Rf7 28. Bxc4
Qd7 29. Qe2 f4 30. Qg4 Rg6 31. Qe2 Bf8 32. Raf1 Qe7 33. gxf4 gxf4 34. Rxf4 Rxf4
35. Rxf4 Bh6 36. Rf1 Qg5 37. Bc1 Qh4 38. Qf2 Qh3 39. Rg1 Qf3+ 0-1

[Event "4NCL Online Division 3"]
[Site "online"]
[Date "2020.10.06"]
[Round "4.24"]
[White "Ruane, Ciaran"]
[Black "Plunkett, Tim"]
[Result "1-0"]
[WhiteElo "1835"]
[BlackElo "1270"]
[PlyCount "47"]
[EventDate "2020.10.06"]
[WhiteTeam "St Benildus B"]
[BlackTeam "Urmston"]

1. e4 d5 2. exd5 Qxd5 3. Nc3 Qa5 4. d4 c6 5. Bd2 Qc7 6. Nf3 Nf6 7. Bd3 Bg4 8.
h3 Bh5 9. O-O e6 10. Ne4 Nbd7 11. Re1 Be7 12. c3 Bg6 13. Qc2 O-O-O 14. b4 Nxe4
15. Bxe4 f5 16. Bd3 Bf7 17. Bxf5 exf5 18. Rxe7 Bg6 19. Rae1 Rhe8 20. Rxe8 Rxe8
21. Rxe8+ Bxe8 22. Qxf5 g6 23. Qe6 Kd8 24. Bg5+ 1-0

[Event "4NCL Online Division 3"]
[Site "online"]
[Date "2020.10.06"]
[Round "4.31"]
[White "Phillips, William"]
[Black "Menadue, Jeremy F S"]
[Result "0-1"]
[WhiteElo "1819"]
[BlackElo "2050"]
[PlyCount "94"]
[EventDate "2020.10.06"]
[WhiteTeam "Hatch End A"]
[BlackTeam "Trelawny's Army"]

1. e4 Nf6 2. e5 Nd5 3. d4 d6 4. Nf3 Bg4 5. Be2 c6 6. O-O Bxf3 7. Bxf3 dxe5 8.
dxe5 e6 9. c4 Ne7 10. Qxd8+ Kxd8 11. b3 Nd7 12. Bb2 Ng6 13. Re1 Bb4 14. Re3 Kc7
15. a3 Be7 16. g3 Rhd8 17. b4 a5 18. c5 axb4 19. axb4 Rxa1 20. Bxa1 Ra8 21. Bc3
Ra4 22. Bd1 Ra2 23. Bb3 Ra8 24. Kg2 b6 25. cxb6+ Nxb6 26. Rf3 Rf8 27. Nd2 Nd5
28. Bxd5 cxd5 29. Nb3 f6 30. Nc5 Bxc5 31. bxc5 f5 32. Bd4 Ra8 33. Rb3 Ra4 34.
Bb2 Ne7 35. Ra3 Rxa3 36. Bxa3 Nc6 37. f4 Na5 38. Kf3 Nc4 39. Bb4 Kc6 40. Ke2
Kb5 41. Be1 Kxc5 42. Kd3 h6 43. Bf2+ Kb5 44. Be3 Nxe3 45. Kxe3 Kc4 46. Kd2 Kd4
47. h3 Ke4 0-1

[Event "4NCL Online Division 3"]
[Site "online"]
[Date "2020.10.06"]
[Round "4.32"]
[White "Retallick, Lloyd"]
[Black "Breed, Greg J"]
[Result "0-1"]
[WhiteElo "2065"]
[BlackElo "1784"]
[PlyCount "144"]
[EventDate "2020.10.06"]
[WhiteTeam "Trelawny's Army"]
[BlackTeam "Hatch End A"]

1. c4 e5 2. Nc3 c6 3. Nf3 Qa5 4. e4 Bb4 5. Be2 Nf6 6. Qc2 O-O 7. O-O Re8 8. d3
d5 9. cxd5 Bxc3 10. bxc3 cxd5 11. exd5 Nxd5 12. Bd2 Nc6 13. Ng5 h6 14. Ne4 Qc7
15. Bf3 Bf5 16. Qb3 Rad8 17. Rfe1 Bxe4 18. Bxe4 Nf6 19. Bf5 Ne7 20. Be4 Nxe4
21. Rxe4 Rxd3 22. Rc4 Qd7 23. Be3 Nd5 24. Bxa7 b5 25. Rc5 Nxc3 26. Rxc3 Rxc3
27. Qxc3 Qxa7 28. g3 e4 29. Qc6 Re5 30. Qc8+ Kh7 31. Qc2 f5 32. Qb2 Rd5 33. Re1
Qd7 34. Re2 Rd1+ 35. Kg2 Qd5 36. Re3 Rd2 37. Qb3 Qc5 38. h4 b4 39. h5 Qc2 40.
Qxc2 Rxc2 41. a3 bxa3 42. Rxa3 Rc5 43. Ra6 Kg8 44. Rb6 Kf7 45. Rg6 Rc2 46. Ra6
e3 47. Ra1 Rxf2+ 48. Kg1 f4 49. gxf4 Rxf4 50. Re1 Rf5 51. Rxe3 Rxh5 52. Rf3+
Kg6 53. Rf8 Rg5+ 54. Kh2 Kh5 55. Ra8 Rg4 56. Kh3 g5 57. Ra6 Rb4 58. Rc6 g4+ 59.
Kg2 Rb5 60. Ra6 Kg5 61. Rc6 h5 62. Rc8 Kh4 63. Rc2 Rb3 64. Ra2 Rb4 65. Rc2 g3
66. Ra2 Kg4 67. Ra8 Rb2+ 68. Kg1 h4 69. Rg8+ Kh3 70. Kf1 g2+ 71. Kg1 Rb1+ 72.
Kf2 Rf1+ 0-1

[Event "4NCL Online Division 3"]
[Site "online"]
[Date "2020.10.06"]
[Round "4.33"]
[White "Hayali, Laith"]
[Black "Hassall, Mark I"]
[Result "1-0"]
[WhiteElo "1765"]
[BlackElo "1942"]
[PlyCount "59"]
[EventDate "2020.10.06"]
[WhiteTeam "Hatch End A"]
[BlackTeam "Trelawny's Army"]

1. d4 e6 2. e4 d5 3. e5 c5 4. c3 Nc6 5. Nf3 Bd7 6. Be2 Qb6 7. O-O Nh6 8. b3 Nf5
9. g4 Nfe7 10. dxc5 Qxc5 11. Ba3 Qb6 12. c4 dxc4 13. Nbd2 Na5 14. b4 Nd5 15.
bxa5 Qc6 16. Bxf8 Kxf8 17. Nxc4 h5 18. Nd6 Nf4 19. Bb5 Qc7 20. Bxd7 Qxd7 21.
Qd2 Nh3+ 22. Kg2 hxg4 23. Nd4 g5 24. f4 gxf4 25. Rxf4 Nxf4+ 26. Qxf4 Rh7 27.
Rf1 Kg8 28. Ne4 Qd5 29. Kg3 Kf8 30. Ng5 1-0

[Event "4NCL Online Division 3"]
[Site "online"]
[Date "2020.10.06"]
[Round "4.34"]
[White "Kneebone, Robin F G"]
[Black "Parsons, Robert"]
[Result "1-0"]
[WhiteElo "1982"]
[BlackElo "1742"]
[PlyCount "79"]
[EventDate "2020.10.06"]
[WhiteTeam "Trelawny's Army"]
[BlackTeam "Hatch End A"]

1. c4 e5 2. Nc3 Nf6 3. Nf3 Nc6 4. e3 d6 5. d4 exd4 6. exd4 Be7 7. d5 Ne5 8.
Nxe5 dxe5 9. Bd3 O-O 10. O-O Bd7 11. Qb3 Bc5 12. Bg5 Re8 13. Ne4 Be7 14. Bxf6
Bxf6 15. Nxf6+ Qxf6 16. Qxb7 e4 17. Bxe4 Rad8 18. Rae1 Qd6 19. Qxa7 Ra8 20. Qd4
Rxa2 21. c5 Qf8 22. c6 Bc8 23. Bb1 Ra8 24. Rxe8 Qxe8 25. Rd1 Ba6 26. Qe4 Qxe4
27. Bxe4 Re8 28. f3 g6 29. d6 cxd6 30. Rxd6 f5 31. Bd5+ Kg7 32. c7 Re1+ 33. Kf2
Re2+ 34. Kg3 Bc8 35. Rd8 f4+ 36. Kxf4 g5+ 37. Kg3 Bf5 38. c8=Q Bxc8 39. Rxc8
Kg6 40. Be4+ 1-0

[Event "4NCL Online Division 3"]
[Site "online"]
[Date "2020.10.06"]
[Round "4.41"]
[White "Pigott, Darrell N"]
[Black "Singh, Amrik J"]
[Result "1/2-1/2"]
[WhiteElo "1960"]
[BlackElo "1847"]
[PlyCount "134"]
[EventDate "2020.10.06"]
[WhiteTeam "Watford 2"]
[BlackTeam "Warley Mighty Quins"]

1. e4 g6 2. d4 Bg7 3. Nc3 d6 4. f3 Nd7 5. Be3 e6 6. Qd2 h6 7. O-O-O Ne7 8. Kb1
a6 9. h4 b5 10. h5 g5 11. f4 gxf4 12. Bxf4 Bb7 13. Bd3 Nf6 14. e5 Nfd5 15. Ne4
Nxf4 16. Qxf4 Nd5 17. Qg3 Bf8 18. Ne2 Qe7 19. c4 bxc4 20. Bxc4 O-O-O 21. exd6
cxd6 22. Rc1 Kb8 23. Nc5 Ka7 24. Nxb7 Qxb7 25. Rhf1 Rd7 26. Nc3 Nb6 27. Bb3 d5
28. Na4 Bd6 29. Qg7 Rb8 30. Nc5 Bxc5 31. dxc5 Nc4 32. Qd4 Ka8 33. Rf6 Na5 34.
Rc3 Nc6 35. Qa4 d4 36. Rd3 Nb4 37. Rd1 Qe4+ 38. Ka1 Qc6 39. Qxc6+ Nxc6 40. Ba4
Kb7 41. Rxh6 Rg8 42. Rd2 Rd5 43. Bc2 Rxc5 44. a3 Kc7 45. Be4 Na5 46. Ka2 Rd8
47. b4 Re5 48. Bf3 Nc4 49. Rc2 d3 50. Rxc4+ Kd6 51. Rc6+ Ke7 52. Rxa6 d2 53.
Ra7+ Kd6 54. Ra6+ Kc7 55. Ra7+ Kb6 56. Rb7+ Ka6 57. b5+ Ka5 58. Rh7 d1=Q 59.
Bxd1 Rxd1 60. Rhxf7 Re3 61. Ra7+ Kxb5 62. Rfb7+ Kc6 63. Rc7+ Kb6 64. Rab7+ Ka6
65. Ra7+ Kb6 66. Rab7+ Ka6 67. Ra7+ Kb6 1/2-1/2

[Event "4NCL Online Division 3"]
[Site "online"]
[Date "2020.10.06"]
[Round "4.42"]
[White "Turner, Jon"]
[Black "Sloan, Cecil"]
[Result "1/2-1/2"]
[WhiteElo "1892"]
[BlackElo "1720"]
[PlyCount "71"]
[EventDate "2020.10.06"]
[WhiteTeam "Warley Mighty Quins"]
[BlackTeam "Watford 2"]

1. e4 c5 2. d4 cxd4 3. c3 dxc3 4. Nxc3 Nc6 5. Nf3 e6 6. Bc4 a6 7. Qe2 b5 8. Bb3
Nge7 9. O-O Ng6 10. Rd1 Be7 11. Be3 O-O 12. Rac1 Na5 13. Nd2 Nxb3 14. Nxb3 Bb7
15. Nc5 Bxc5 16. Bxc5 Re8 17. Bd6 Bc6 18. Qe3 Qf6 19. Rd2 Ne5 20. b3 Ng4 21.
Qg3 Qg6 22. f3 Nf6 23. Qf2 Rec8 24. Rdc2 Ne8 25. Bg3 Nf6 26. Ne2 Nh5 27. Bd6
Qf6 28. e5 Qg5 29. Nd4 Nf4 30. Qd2 Nh3+ 31. Kh1 Qxd2 32. Rxd2 Nf4 33. Rdc2 Nd3
34. Rd1 Nf4 35. Rdc1 Nd3 36. Rd1 1/2-1/2

[Event "4NCL Online Division 3"]
[Site "online"]
[Date "2020.10.06"]
[Round "4.43"]
[White "Littlefair, Paul"]
[Black "Emery, Ian"]
[Result "1/2-1/2"]
[WhiteElo "1690"]
[BlackElo "1847"]
[PlyCount "160"]
[EventDate "2020.10.06"]
[WhiteTeam "Watford 2"]
[BlackTeam "Warley Mighty Quins"]

1. e4 Nf6 2. e5 Nd5 3. d4 d6 4. Nf3 dxe5 5. dxe5 Bg4 6. Bc4 e6 7. O-O Be7 8. h3
Bh5 9. Re1 O-O 10. a3 c6 11. Nbd2 Nd7 12. Bxd5 cxd5 13. b4 Rc8 14. Bb2 Qc7 15.
Rc1 Nb6 16. Bd4 Nc4 17. Nxc4 Qxc4 18. c3 h6 19. Nd2 Qxd4 20. cxd4 Bxd1 21.
Rexd1 Bg5 22. Rxc8 Rxc8 23. Nf3 Rc3 24. Ra1 Kh7 25. Kf1 Kg6 26. Ke2 Rc2+ 27.
Kf1 Kf5 28. a4 Bd2 29. Nxd2 Rxd2 30. Rc1 Rxd4 31. Rc7 Rxb4 32. Rxf7+ Kxe5 33.
Rxg7 d4 34. Ke2 Rb2+ 35. Kd3 Rxf2 36. Rxb7 Rxg2 37. Rb5+ Kf6 38. Kxd4 Rg3 39.
Ra5 Rxh3 40. Rxa7 h5 41. a5 Ra3 42. a6 h4 43. Ra8 Ra4+ 44. Ke3 Ke5 45. a7 h3
46. Kf3 Ra3+ 47. Kg4 h2 48. Rh8 Rxa7 49. Rxh2 Rf7 50. Re2+ Kd6 51. Rd2+ Ke7 52.
Re2 Rf1 53. Kg5 Rf5+ 54. Kg6 Rf1 55. Kg7 Rg1+ 56. Kh6 Kd6 57. Rd2+ Ke5 58. Re2+
Kf5 59. Rf2+ Kg4 60. Re2 Kf5 61. Rf2+ Ke5 62. Re2+ Kf6 63. Rf2+ Ke7 64. Re2 Rf1
65. Kg6 Rf5 66. Re1 Kd6 67. Rd1+ Rd5 68. Re1 Ke7 69. Re2 e5 70. Kf5 Kd6 71. Re1
Rd2 72. Re3 Rf2+ 73. Kg4 Kd5 74. Ra3 e4 75. Ra5+ Kd4 76. Ra4+ Ke3 77. Ra3+ Ke2
78. Ra2+ Kf1 79. Ra1+ Kg2 80. Re1 Rf8 1/2-1/2

[Event "4NCL Online Division 3"]
[Site "online"]
[Date "2020.10.06"]
[Round "4.44"]
[White "Jeffs, David"]
[Black "Shaw, David K"]
[Result "1/2-1/2"]
[WhiteElo "1742"]
[BlackElo "1660"]
[PlyCount "73"]
[EventDate "2020.10.06"]
[WhiteTeam "Warley Mighty Quins"]
[BlackTeam "Watford 2"]

1. d4 d5 2. Bf4 Nf6 3. e3 Bg4 4. Nf3 e6 5. c4 dxc4 6. Bxc4 Nbd7 7. h3 Bh5 8.
Nbd2 Bd6 9. Bxd6 cxd6 10. O-O O-O 11. e4 e5 12. d5 Nc5 13. Re1 Rc8 14. Rc1 Qd7
15. Qe2 a6 16. b3 Bg6 17. Bd3 Nh5 18. Qe3 Nf4 19. Bb1 f5 20. Nxe5 dxe5 21. Rxc5
fxe4 22. Bxe4 Bxe4 23. Rxc8 Rxc8 24. Qxe4 Qxd5 25. Nc4 Qxe4 26. Rxe4 Nd3 27.
Nxe5 Rc1+ 28. Kh2 Nxf2 29. Rc4 Rxc4 30. Nxc4 Ne4 31. g3 Kf7 32. Kg2 Ke6 33. Kf3
Nc3 34. a3 b5 35. Nd2 Ke5 36. Ke3 Nd5+ 37. Kd3 1/2-1/2

[Event "4NCL Online Division 3"]
[Site "online"]
[Date "2020.10.06"]
[Round "4.51"]
[White "Peacock, Malcolm R"]
[Black "McCarthy, Maurice"]
[Result "0-1"]
[WhiteElo "2013"]
[BlackElo "1978"]
[PlyCount "91"]
[EventDate "2020.10.06"]
[WhiteTeam "Preston South End"]
[BlackTeam "Morriston Alekhine"]

1. c4 e5 2. g3 Nf6 3. Bg2 d5 4. cxd5 Nxd5 5. Nf3 Nc6 6. O-O Nb6 7. d3 Be7 8.
Nbd2 Be6 9. a3 Nd5 10. Qc2 Qd7 11. Ne4 f6 12. Nc5 Bxc5 13. Qxc5 O-O-O 14. b4
Qd6 15. Qc2 Kb8 16. Bb2 h5 17. h4 Bg4 18. Rac1 a6 19. Nd2 Ndxb4 20. axb4 Bxe2
21. Qa4 Bxf1 22. Rxc6 bxc6 23. Bxf1 Qd5 24. Bg2 Qb5 25. Qc2 Rd5 26. Nb3 Rhd8
27. Na5 R8d6 28. Bc1 Qxd3 29. Nxc6+ Kc8 30. Bh3+ Kb7 31. Qxd3 Rxd3 32. Na5+ Kb6
33. Be3+ Kb5 34. Bf1 Kxb4 35. Bxd3 Rxd3 36. Nc6+ Kb5 37. Ne7 a5 38. Nf5 a4 39.
Nxg7 a3 40. Nxh5 f5 41. Ng7 a2 42. h5 a1=Q+ 43. Kg2 f4 44. h6 fxe3 45. h7 Rd8
46. Nf5 0-1

[Event "4NCL Online Division 3"]
[Site "online"]
[Date "2020.10.06"]
[Round "4.52"]
[White "Bevan, Peter M"]
[Black "Thompson, Peter"]
[Result "1-0"]
[WhiteElo "1855"]
[BlackElo "1847"]
[PlyCount "103"]
[EventDate "2020.10.06"]
[WhiteTeam "Morriston Alekhine"]
[BlackTeam "Preston South End"]

1. d4 Nf6 2. c4 c5 3. d5 b5 4. cxb5 a6 5. b6 e6 6. Nc3 Nxd5 7. Nxd5 exd5 8.
Qxd5 Nc6 9. e4 Be7 10. Bc4 O-O 11. Ne2 Rb8 12. a3 Rxb6 13. O-O Bb7 14. Qh5 Na5
15. Bd5 Nc6 16. b3 Bf6 17. Rb1 Qe7 18. Bb2 Bxb2 19. Rxb2 Qe5 20. Qxe5 Nxe5 21.
Nc3 Bxd5 22. Nxd5 Rb7 23. Rd1 Nc4 24. Rc2 Nxa3 25. Rxc5 Nb5 26. Ra1 Ra8 27.
Rxa6 Re8 28. Rb6 Rxb6 29. Nxb6 Nd4 30. f3 Nxb3 31. Rd5 g6 32. Nxd7 Kg7 33. e5
Nc1 34. Kf2 Re6 35. f4 Na2 36. Nf6 Nc3 37. Rd8 Rxf6 38. exf6+ Kxf6 39. Ke3 Nb5
40. g4 Nc7 41. Ke4 Ne6 42. g5+ Kg7 43. Rc8 h5 44. Ke5 Nf8 45. h4 Ne6 46. Rc6
Nf8 47. Rd6 Nh7 48. f5 gxf5 49. Kxf5 Nf8 50. Rh6 Ng6 51. Rxg6+ fxg6+ 52. Ke6
1-0

[Event "4NCL Online Division 3"]
[Site "online"]
[Date "2020.10.06"]
[Round "4.53"]
[White "Pennington, Geoffrey"]
[Black "Howells, Chris"]
[Result "0-1"]
[WhiteElo "1765"]
[BlackElo "1767"]
[PlyCount "104"]
[EventDate "2020.10.06"]
[WhiteTeam "Preston South End"]
[BlackTeam "Morriston Alekhine"]

1. e4 d6 2. Nf3 Nf6 3. d3 g6 4. g3 Bg7 5. Bg2 O-O 6. O-O Nc6 7. Nbd2 Bg4 8. h3
Bd7 9. Re1 e5 10. a4 Nh5 11. c3 Qe8 12. Nc4 f5 13. Nh2 fxe4 14. dxe4 Qf7 15.
Qe2 Nd8 16. Ne3 Ne6 17. b4 Nf6 18. Nhg4 Nxg4 19. Nxg4 Kh8 20. Bd2 h5 21. Nh2
Kh7 22. Rf1 Qe8 23. b5 a6 24. Rab1 axb5 25. axb5 Ra2 26. Qd3 Nc5 27. Qe2 Bh6
28. Rfd1 Rxd2 29. Rxd2 Bxd2 30. Qxd2 Bxb5 31. Qe3 Bc6 32. f3 Qf7 33. g4 Qe7 34.
Nf1 Ne6 35. gxh5 gxh5 36. Ng3 Nf4 37. Kh2 Rg8 38. Bf1 Qg5 39. Nf5 b6 40. h4 Qf6
41. Bh3 Bd7 42. Rg1 Rxg1 43. Qxg1 Nxh3 44. Kxh3 Bxf5+ 45. exf5 Qxf5+ 46. Kh2
Qf4+ 47. Kg2 Qxh4 48. Qb1+ Kg7 49. Qf5 Qf6 50. Qd7+ Qf7 51. Qh3 Kh6 52. Kf2 e4
0-1

[Event "4NCL Online Division 3"]
[Site "online"]
[Date "2020.10.06"]
[Round "4.54"]
[White "Marin Marin, Francisco Javier"]
[Black "Tillotson, Carl"]
[Result "1-0"]
[WhiteElo "1787"]
[BlackElo "1697"]
[PlyCount "85"]
[EventDate "2020.10.06"]
[WhiteTeam "Morriston Alekhine"]
[BlackTeam "Preston South End"]

1. e4 e6 2. d4 d5 3. e5 c5 4. c3 Nc6 5. Nf3 Qb6 6. Bd3 Bd7 7. O-O Rc8 8. Re1
cxd4 9. cxd4 Nxd4 10. Nxd4 Qxd4 11. Nc3 a6 12. Be3 Qb4 13. Bd2 Qb6 14. Kh1 Ne7
15. f4 Nc6 16. f5 Be7 17. f6 Bf8 18. fxg7 Bxg7 19. Qg4 Bf8 20. Qh5 Ne7 21. Rf1
Kd8 22. Qxf7 Kc7 23. Bg5 Re8 24. Bf6 Rg8 25. Bxh7 Rg4 26. h3 Rc4 27. Bg5 Kb8
28. Bxe7 Bxe7 29. Bg6 Rcc8 30. Qh7 Rg8 31. Qxe7 Rxg6 32. Qxd7 Qxb2 33. Rg1 Qxc3
34. Rac1 Qxc1 35. Rxc1 Rxc1+ 36. Kh2 Rc8 37. g4 Rc2+ 38. Kg3 Rc3+ 39. Kf4 Rc4+
40. Ke3 Re4+ 41. Kd3 Ka7 42. Qf7 Rh6 43. Qf2+ 1-0

[Event "4NCL Online Division 3"]
[Site "online"]
[Date "2020.10.06"]
[Round "4.71"]
[White "Sandhu, Manvith"]
[Black "Jenkins, John"]
[Result "1/2-1/2"]
[WhiteElo "1907"]
[BlackElo "2042"]
[PlyCount "83"]
[EventDate "2020.10.06"]
[WhiteTeam "Warwickshire Bears A"]
[BlackTeam "Stroud Oldies"]

1. e4 c5 2. Nf3 d6 3. d4 cxd4 4. Qxd4 Nc6 5. Bb5 Bd7 6. Bxc6 Bxc6 7. Nc3 Nf6 8.
Bg5 e6 9. O-O-O Be7 10. Kb1 O-O 11. Rhe1 Qa5 12. Qd2 Kh8 13. h4 Rac8 14. Nd4
Rfe8 15. Qe3 h6 16. Rh1 b5 17. Nce2 Bd7 18. f4 e5 19. fxe5 dxe5 20. Nf5 Bxf5
21. exf5 Qc7 22. Rc1 Bc5 23. Qh3 Ne4 24. Be3 Qb6 25. Bxc5 Qxc5 26. Rhg1 Red8
27. g4 Rd2 28. Qf3 Qc4 29. Nc3 Nxc3+ 30. Qxc3 Qxc3 31. bxc3 Rxc3 32. g5 h5 33.
Rcd1 Rcxc2 34. Rxd2 Rxd2 35. Rc1 Rd8 36. Rc7 f6 37. g6 Kg8 38. Rxa7 Re8 39. Kc2
Rb8 40. Kd3 Kf8 41. Rf7+ Kg8 42. Ra7 1/2-1/2

[Event "4NCL Online Division 3"]
[Site "online"]
[Date "2020.10.06"]
[Round "4.72"]
[White "Brown, Graham K"]
[Black "Chen, Daniel Xingyu"]
[Result "1-0"]
[WhiteElo "1795"]
[BlackElo "1825"]
[PlyCount "71"]
[EventDate "2020.10.06"]
[WhiteTeam "Stroud Oldies"]
[BlackTeam "Warwickshire Bears A"]

1. h3 e5 2. d4 exd4 3. Nf3 Bb4+ 4. Bd2 Bc5 5. c3 dxc3 6. Bxc3 Nf6 7. Qc2 Nc6 8.
e3 d6 9. Nbd2 a6 10. a3 Qe7 11. Bd3 b5 12. O-O O-O 13. Bxf6 Qxf6 14. Bxh7+ Kh8
15. Be4 Bb7 16. b4 d5 17. Bxd5 Bb6 18. Bxc6 Qxc6 19. Qxc6 Bxc6 20. Rac1 Bb7 21.
Nb3 Rfd8 22. Rfd1 Bd5 23. Nbd4 Bc4 24. Nc6 Re8 25. Nfe5 Be6 26. Rc3 Kh7 27.
Rcd3 a5 28. Nd7 Bf5 29. R3d2 Bxd7 30. Rxd7 Kg6 31. Ne7+ Kh7 32. Nd5 axb4 33.
axb4 Rad8 34. Nxb6 Rxd7 35. Nxd7 Rd8 36. Nf6+ 1-0

[Event "4NCL Online Division 3"]
[Site "online"]
[Date "2020.10.06"]
[Round "4.73"]
[White "Dicen, Elis Denele"]
[Black "Walker, Adrian"]
[Result "1/2-1/2"]
[WhiteElo "1810"]
[BlackElo "1671"]
[PlyCount "58"]
[EventDate "2020.10.06"]
[WhiteTeam "Warwickshire Bears A"]
[BlackTeam "Stroud Oldies"]

1. d4 d6 2. Nf3 Nd7 3. Bf4 c6 4. e4 Qc7 5. Bc4 e5 6. Bg3 h6 7. c3 Ngf6 8. Nbd2
Be7 9. O-O Nh5 10. Qe2 Nxg3 11. fxg3 Nf6 12. Bb3 b5 13. a4 a6 14. Nh4 Bg4 15.
Qf2 O-O 16. Ng6 Rfe8 17. Nxe7+ Rxe7 18. h3 Be6 19. Bxe6 fxe6 20. axb5 cxb5 21.
Qe3 Qb7 22. g4 Rd8 23. Rf2 exd4 24. cxd4 Nh7 25. Raf1 Rf8 26. Nf3 Qa7 27. Nh4
Rxf2 28. Rxf2 Rf7 29. Rc2 Qb7 1/2-1/2

[Event "4NCL Online Division 3"]
[Site "online"]
[Date "2020.10.06"]
[Round "4.74"]
[White "Reekie-Black, Matthew"]
[Black "Wong, Tristan"]
[Result "1-0"]
[WhiteElo "1600"]
[BlackElo "1630"]
[PlyCount "109"]
[EventDate "2020.10.06"]
[WhiteTeam "Stroud Oldies"]
[BlackTeam "Warwickshire Bears A"]

1. e4 Nc6 2. Bc4 d6 3. Nf3 Nf6 4. Nc3 g6 5. d4 Bg7 6. O-O O-O 7. Qe2 e5 8. dxe5
dxe5 9. Bg5 Nd4 10. Nxd4 Qxd4 11. Bb3 Bg4 12. Qe3 Qxe3 13. Bxe3 c6 14. f3 Bd7
15. Rad1 Rfd8 16. Bg5 a5 17. a4 b5 18. f4 exf4 19. Rxf4 b4 20. Ne2 Bg4 21.
Rxd8+ Rxd8 22. Ng3 Rd1+ 23. Kf2 Rd2+ 24. Ke3 Rxg2 25. Bxf6 Bh6 26. Bxf7+ Kf8
27. Bb3 Bxf4+ 28. Kxf4 Bc8 29. e5 Rf2+ 30. Ke3 Rxh2 31. Ne4 Rh3+ 32. Kd4 Bf5
33. Nd6 h5 34. e6 Bxe6 35. Bxe6 Rf3 36. Bg5 h4 37. Ne4 h3 38. Bg4 Rf1 39. Bxh3
Rh1 40. Bd7 Rd1+ 41. Nd2 Rg1 42. Bh6+ Ke7 43. Bxc6 g5 44. Nf3 Rg4+ 45. Ke5 Rc4
46. Bxg5+ Kf8 47. Be4 Rc5+ 48. Kd4 Rc7 49. b3 Kf7 50. Ne5+ Ke6 51. Nc6 Rg7 52.
Be3 Rd7+ 53. Kc5 Rd1 54. Nxa5 Re1 55. Nc4 1-0

[Event "4NCL Online Division 3"]
[Site "online"]
[Date "2020.10.06"]
[Round "4.81"]
[White "Lockett, Karl"]
[Black "Pye, David E"]
[Result "0-1"]
[WhiteElo "1892"]
[BlackElo "2117"]
[PlyCount "108"]
[EventDate "2020.10.06"]
[WhiteTeam "Crewe AOL"]
[BlackTeam "Wessex Some Stars B"]

1. Nf3 d5 2. c4 d4 3. e3 Nc6 4. b4 dxe3 5. fxe3 Nxb4 6. d4 e6 7. Be2 Nf6 8. O-O
Be7 9. Nc3 O-O 10. Bb2 c5 11. a3 Na6 12. Qc2 cxd4 13. exd4 Qa5 14. Rfd1 Rd8 15.
Ne4 Bd7 16. Rd2 Ba4 17. Nxf6+ Bxf6 18. Qc3 Qxc3 19. Bxc3 Nc5 20. Bd1 Bc6 21.
Bc2 Ne4 22. Bxe4 Bxe4 23. Rad1 Bxf3 24. gxf3 Rac8 25. c5 h6 26. Bb4 Rd5 27. Kf2
Bg5 28. Rb2 Rcd8 29. Bc3 R8d7 30. Rdb1 b6 31. cxb6 axb6 32. Rxb6 Bf6 33. R1b4
Bxd4+ 34. Bxd4 Rxd4 35. Rxd4 Rxd4 36. Ke3 Ra4 37. Rb3 f5 38. Kd3 Kf7 39. Kc3
Kf6 40. Kb2 Rh4 41. Rb4 Rxh2+ 42. Kb3 Rf2 43. a4 Rxf3+ 44. Kc4 Ra3 45. Kb5 g5
46. a5 g4 47. Ra4 Rd3 48. a6 Rd8 49. a7 Ra8 50. Kb6 g3 51. Kb7 Rxa7+ 52. Rxa7
g2 53. Ra1 f4 54. Kc6 f3 0-1

[Event "4NCL Online Division 3"]
[Site "online"]
[Date "2020.10.06"]
[Round "4.83"]
[White "Gardiner, Harry"]
[Black "Anderson, Peter W"]
[Result "0-1"]
[WhiteElo "1847"]
[BlackElo "2050"]
[PlyCount "46"]
[EventDate "2020.10.06"]
[WhiteTeam "Crewe AOL"]
[BlackTeam "Wessex Some Stars B"]

1. d4 g6 2. c4 Bg7 3. Nc3 d6 4. Nf3 e5 5. dxe5 dxe5 6. Qxd8+ Kxd8 7. Bg5+ f6 8.
O-O-O+ Bd7 9. Nxe5 fxg5 10. Nf7+ Ke8 11. Nxh8 Bxh8 12. e4 Bxc3 13. bxc3 Be6 14.
Be2 Na6 15. Rhe1 Nf6 16. Bf3 c6 17. e5 Nd7 18. Rd6 Ke7 19. Bd1 Rf8 20. f3 Nac5
21. Bb3 Nxe5 22. Rxe5 Kxd6 23. Rxg5 a5 0-1